| 000 | 00493nam a2200181Ia 4500 | ||
|---|---|---|---|
| 003 | GCL | ||
| 008 | 140319s9999 xx 000 0 ara d | ||
| 040 |
_aGCL / _cGCL |
||
| 082 | 0 | 4 |
_aد _b050 |
| 100 | 1 | _aمبارك ابراهيم | |
| 245 | 1 | 0 |
_aنساء شهيرات (اقرا 119) / _cمبارك ابراهيم |
| 300 | _a158 ص | ||
| 650 | 0 | 4 | _aكليوباترا |
| 650 | 0 | 4 | _aجان دارك |
| 650 | 0 | 4 | _aسارة برنار |
| 650 | 0 | 4 | _aالنساء - تراجم |
| 942 |
_2ddc _cCF |
||
| 999 |
_c27223 _d27223 |
||